| 000 | 00778nam a22002057a 4500 | ||
|---|---|---|---|
| 005 | 20240103105457.0 | ||
| 010 | _aB-756761-766 | ||
| 020 |
_a9789392594496 _c600.00 |
||
| 035 | _aB-756761-766 | ||
| 037 | _aSunnvik Books | ||
| 082 | _a020 | ||
| 100 |
_aPal, Ashok _960562 |
||
| 245 |
_aHuman Resource Management in Libraries/ _cBy Ashok Pal and Arindam Sarkar |
||
| 260 |
_aNew Delhi _bEss Ess Publications _c2022 |
||
| 270 |
_a4831/24, Ansari Road, Daryaganj _bNew Delhi _e110002 |
||
| 300 |
_a145p. _c22cm(Hb) |
||
| 700 |
_aSarkar,Arindam _eAuthor _960326 |
||
| 942 |
_2ddc _cEN _h020 _mPAL |
||
| 999 |
_c199851 _d199851 |
||